MARC

LEADER 00000nam0a2200000 4500
001 254775
005 20231101232951.0
020 |a RU  |b 89-65541 
035 |a (RuTPU)RU\TPU\book\277264 
090 |a 254775 
100 |a 20140324d1989 k a0rusy5003 ca 
101 0 |a rus 
102 |a RU 
105 |a a z 001zy 
200 1 |a Корово-мантийное оруденение в салических блоках эвгеосинклинали  |f В. Н. Сазонов [и др.] 
210 |a Свердловск  |c УрО АН СССР  |d 1989 
215 |a 111 с.  |c ил. 
320 |a Библиогр.: с. 109-112 (96 назв.) 
606 1 |a Геосинклинали  |2 stltpush  |3 (RuTPU)RU\TPU\subj\6223  |9 34157 
610 1 |a оруденение 
610 1 |a золоторудные месторождения 
610 1 |a геология 
610 1 |a исследования 
610 1 |a рудное вещество 
610 1 |a магматический контроль 
610 1 |a глубинные разломы 
610 1 |a кора выветривания 
675 |a 551.242  |z rus 
701 1 |a Сазонов  |b В. Н.  |g Владимир Николаевич 
701 1 |a Попов  |b Б. А. 
701 1 |a Григорьев  |b Н. А. 
701 1 |a Мурзин  |b В. В. 
701 1 |a Мецнер  |b Э. И. 
702 1 |a Штейнберг  |b Д. С.  |g Дмитрий Сергеевич  |4 340 
801 0 |a RU  |b RuMRKP  |c 19950417  |g psbo 
801 1 |a RU  |b 63413507  |c 20140324 
801 2 |a RU  |b 63413507  |c 20190130  |g RCR 
942 |c BK